000 00329nam a2200145Ia 4500
003 OSt
005 20240309105126.0
008 170524s9999 xx 000 0 und d
020 _aNIL
040 _cIIMTU MEERUT
100 _aDR. SAH- HAZARI LAL
245 0 _aELECTROMAGNETIC FIELD THEORY
260 _bARIHANT
942 _2ddc
_c02
999 _c7733
_d7733